Mẹo giải nghĩa từ Hán Việt và chữa lỗi chính tả
Đặc điểm của ngữ nghĩa từ Hán Việt. Danh sách các âm tiết Hán Việt có sức sản xuất cao. Mẹo chữa lỗi chính tả: mẹo về dấu, âm đầu, âm cuối và nguyên âm chính v.v...
Saved in:
| Main Author: | |
|---|---|
| Format: | Book |
| Language: | Vietnamese |
| Published: |
H.
Thanh niên
2000
|
| Subjects: | |
| Tags: |
Add Tag
No Tags, Be the first to tag this record!
|
| Institutions: | Mạng thư viện Đại học Đà Nẵng |
|---|
| LEADER | 01370nam a22003858a 4500 | ||
|---|---|---|---|
| 001 | 000015717 | ||
| 003 | 12100 | ||
| 005 | 20120531150542.0 | ||
| 008 | 120531s2000 b 000 0 od | ||
| 020 | |c 56000đ |d 800b | ||
| 041 | 0 | |a 0011 | |
| 041 | 0 | |a vie | |
| 080 | |a 4(V)-07 | ||
| 082 | |a 495.9227 |b PH-N | ||
| 084 | |a V172.1-211 |b M205G | ||
| 100 | 1 | |a Phan Ngọc | |
| 245 | 1 | 0 | |a Mẹo giải nghĩa từ Hán Việt và chữa lỗi chính tả |c Phan Ngọc |
| 260 | |a H. |b Thanh niên |c 2000 | ||
| 300 | |a 571tr |c 19cm | ||
| 520 | |a Đặc điểm của ngữ nghĩa từ Hán Việt. Danh sách các âm tiết Hán Việt có sức sản xuất cao. Mẹo chữa lỗi chính tả: mẹo về dấu, âm đầu, âm cuối và nguyên âm chính v.v... | ||
| 653 | |a Từ Hán Việt | ||
| 653 | |a Ngôn ngữ | ||
| 653 | |a Từ ngữ | ||
| 653 | |a Chính tả | ||
| 653 | |a Ngữ nghĩa học | ||
| OWN | |a LSP | ||
| AVA | |a UDN50 |b LSP |d 495.9227 PH-N |e available |t Error 5001 Not defined in file expand_doc_bib_avail. |f 1 |g 0 |h N |i 0 |k 1 | ||
| 999 | |a From the UDN01 | ||
| AVA | |a UDN50 |b LSP |d 495.9227 PH-N |e available |t Error 5001 Not defined in file expand_doc_bib_avail. |f 1 |g 0 |h N |i 0 |k 1 | ||
| TYP | |a Monograph | ||
| TYP | |a Printed language | ||
| 980 | |a Mạng thư viện Đại học Đà Nẵng | ||